Juegos y Sagas memorables de XBOX - Estadísticas

Estadísticas generales
  • Esta prueba ha sido intentada 28 veces
  • La puntuación promedio es 6 de 16
Estadísticas de respuestas
Imagen Respuesta % Correcto
Halo
81%
Gears
78%
Forza
70%
Fable
56%
Viva Piñata
52%
Conker
33%
Grounded
33%
Quantum break
30%
Sunset Overdrive
30%
Banjo Kazooie
26%
Blue Dragon
22%
Ryse
22%
Goldeneye
19%
Kameo
15%
Perfect Dark Zero
15%
Lost Odyssey
11%
No se encontraron pruebas coincidentes
Distribución de puntuación
Porcentaje de gente con cada puntuación
Porcentaje por número respondido
Historial de tus puntuaciones
No has intentado esta prueba.